=LDR 00000nam 2200000 4500 =001 INLIS000000000047767 =005 20160216093951.0 =006 =007 =008 =035 ##$$0010-021600000000155 =040 ##$$a NBPDMAT =082 ##$$a 342.05 =090 ##$$a 342.05$bInd h =100 ##$$a Indonesia =245 ##$$a Himpunan Ketetapan MPRS dan DPRRI berdasarkan Ketetaan MPRRI Nomor 1/MPR/2003 pasal 2 dan pasal 4 / Indonesia =260 ##$$a Jakarta $b Sekretariat Jendral MPR RI $c 2005 =300 ##$$a iii, 131 hlm. ; 23 cm =650 ##$$a Ketetapan MPRS dan MPR RI =850 ##$$a NBPDMAT =990 ##$$a 31500466 =990 ##$$a 31500466/BPAP-NTB/2016